[Event "Korinthos op 3rd"]
[Site "Korinthos"]
[Date "1999.07.26"]
[Round "3"]
[White "Nikolaidis, Ioannis"]
[Black "Kapnisis, Spyridon"]
[Result "1/2-1/2"]
[WhiteElo "2505"]
[BlackElo "2324"]

1.Nf3 d5 2.c4 c6 3.g3 g6 4.Qa4 d4 5.b4 Bg7 6.d3 e5 7.Nbd2 Ne7 8.Bg2 O-O 9.O-O Qc7
10.Bb2 Rd8 11.a3 h6 12.Qc2 a5 13.Nb3 a4 14.Nbd2 c5 15.Ne4 b6  1/2-1/2

[Event "Glorney Cup U20"]
[Site "Bruges"]
[Date "1999.07.30"]
[Round "5"]
[White "Menon, Shanker"]
[Black "Vaculik, Martin"]
[Result "1-0"]
[WhiteElo "2163"]
[BlackElo "2150"]

1.Nf3 d5 2.c4 e6 3.e3 Nf6 4.b3 Be7 5.Bb2 O-O 6.Be2 dxc4 7.bxc4 b6 8.O-O Bb7
9.d4 Nbd7 10.Nc3 Rc8 11.Qa4 a6 12.Rfd1 c6 13.Qc2 Qc7 14.e4 Rfd8 15.Bd3 g6
16.a4 a5 17.Qe2 Nb8 18.Rac1 Na6 19.e5 Nh5 20.d5 Nf4 21.Qf1 Nxd3 22.Rxd3 cxd5
23.cxd5 Qd7 24.d6 Bf8 25.Ng5 Nc5 26.Rd4 Bg7 27.Rf4 h6 28.Rxf7 Qe8 29.Rxb7 Qc6
30.Nxe6 Bxe5 31.Nxd8 Bxh2+ 32.Kxh2 Qxd6+ 33.Kg1  1-0

[Event "Glorney Cup U20"]
[Site "Bruges"]
[Date "1999.07.30"]
[Round "5"]
[White "Willemze, Thomas"]
[Black "Eynon, David"]
[Result "1-0"]
[WhiteElo "2244"]
[BlackElo "2057"]

1.Nf3 d5 2.c4 e6 3.g3 c5 4.Bg2 Nc6 5.b3 Nf6 6.O-O Be7 7.cxd5 exd5 8.d4 O-O
9.Bb2 Re8 10.Na3 cxd4 11.Nb5 Bg4 12.Nbxd4 Qb6 13.h3 Bd7 14.Rc1 Rac8 15.e3 a5
16.a3 Ne4 17.Ne2 Bf6 18.Bxf6 Nxf6 19.Nc3 Ne7 20.Nd4 Red8 21.Qd3 Rc5 22.Nce2 Rdc8
23.Rb1 R5c7 24.Rfd1 g6 25.g4 h6 26.b4 a4 27.Rbc1 Rc4 28.Nc3 Qc7 29.Nde2 Be6
30.Nxa4 b6 31.Nac3 Rc6 32.Qd4 Kg7 33.Nb5 Qd7 34.Rxc6 Rxc6 35.Qb2 Rc4 36.Nbc3 Kh7
37.Nf4 Qc6 38.Nce2 Bd7 39.Qe5 Nfg8 40.Nxd5 f6 41.Qb8 Qa4 42.Nec3 Rxc3 43.Nxc3 Qc2
44.Rxd7 Qxc3 45.Bd5  1-0

[Event "Korinthos op 3rd"]
[Site "Korinthos"]
[Date "1999.08.01"]
[Round "9"]
[White "Kourkounakis, Ilias"]
[Black "Mastrovasilis, Dimitrios"]
[Result "1/2-1/2"]
[WhiteElo "2407"]
[BlackElo "2384"]

1.Nf3 d5 2.c4 e6 3.d4 Nf6 4.e3 c6 5.Nbd2 Ne4 6.Bd3 f5 7.Ne5 Qf6 8.Bxe4 dxe4
9.O-O Nd7 10.f4 Be7 11.Nb3 O-O 12.Bd2 Nxe5 13.dxe5 Qg6 14.Nd4 Bd7 15.b4 b6
16.Qc2 c5 17.bxc5 Bxc5 18.a4 Rfd8 19.a5 Rac8 20.axb6 axb6 21.Qb3 Be8 22.Bc3 Qf7
23.Rf2 Ra8 24.Rxa8 Rxa8 25.Ra2 Rxa2 26.Qxa2 Qb7 27.Kf2 Kf7 28.Nc2 b5 29.Bd4 Be7
30.c5 Qc7 31.Nb4 g5 32.fxg5 Bxg5 33.Qa8 Be7 34.g4 Bh4+ 35.Kg2 Qe7 36.h3 h5
37.Qa2 hxg4 38.hxg4 Be1 39.Nc2 Bd2 40.Kf1 Qg5 41.Ke2 Bc1 42.Kd1 Bxe3 43.Qa7+ Kf8
44.Bxe3 f4 45.c6 fxe3 46.c7 e2+ 47.Kxe2 Qxg4+ 48.Kd2 Qf4+ 49.Ne3 Bd7 50.Qb8+ Kf7
51.Qd8 Qf2+ 52.Kd1 Qf3+ 53.Kd2 Qf2+ 54.Kd1 Qf3+  1/2-1/2

[Event "Hotel Agro IM A"]
[Site "Budapest"]
[Date "1999.08.04"]
[Round "6"]
[White "Genocchio, Daniele"]
[Black "Szeberenyi, Adam"]
[Result "1/2-1/2"]
[WhiteElo "2291"]
[BlackElo "2357"]

1.Nf3 d5 2.c4 dxc4 3.Na3 Nf6 4.Nxc4 c5 5.b3 g6 6.Bb2 Bg7 7.g3 b6 8.Bg2 Bb7
9.O-O O-O 10.d3 Nc6 11.Qd2 Qc7 12.Nfe5 Nxe5 13.Bxe5 Qd7 14.Qb2 Bxg2 15.Kxg2 Rfd8
16.a3 Qd5+ 17.Kg1 Ne8 18.Bxg7 Nxg7 19.b4 Ne6 20.b5 Nd4 21.a4 Qe6 22.Rae1 Qh3
23.f4 h5 24.Ne5 Nf5 25.e3 Nh6 26.e4 Ng4 27.Nc6 Rxd3 28.Nxe7+ Kh7 29.Nd5 h4
30.gxh4 Qxh4 31.Re2 Rh8 32.Rg2 Rd4 33.Qe2 Nf6 34.Nc3 Kg7 35.f5 Nxe4 36.fxg6 fxg6
37.Rg4 Qxh2+ 38.Qxh2 Rxh2 39.Rxe4 Rdd2 40.Rg4 Rh3 41.Ne4 Rd4 42.Kg2 Re3 43.Nf2  1/2-1/2

[Event "MK Cafe Cup-B"]
[Site "Koszalin"]
[Date "1999.08.04"]
[Round "2"]
[White "Vaulin, Alexander"]
[Black "Mashinskaya, Iulia"]
[Result "1/2-1/2"]
[WhiteElo "2492"]
[BlackElo "2289"]

1.Nf3 d5 2.c4 c6 3.b3 Nf6 4.Bb2 Bf5 5.d3 e6 6.e3 Nbd7 7.Be2 h6 8.O-O Be7
9.Nbd2 O-O 10.Qc2 Bh7 11.Rac1 a5 12.a3 Re8 13.Qb1 Bd6 14.Qa1 Qe7 15.Rfd1 Rac8
16.Bf1 c5 17.g3 b6 18.Re1 Bc7 19.cxd5 exd5 20.d4 Qf8 21.Bh3 Rcd8 22.a4 Ne4
23.Nb1 Bd6 24.Nc3 Nxc3 25.Bxc3 cxd4 26.Bxd7 Rxd7 27.Bxd4 Be4 28.Nd2 Bb4 29.Bc3 Bc5
30.Nxe4 dxe4 31.Red1 Red8 32.Rxd7 Rxd7 33.Rd1 Rxd1+ 34.Qxd1 Qd6 35.Qg4 f6
36.Kg2 Qe7 37.Qc8+ Kf7 38.h4 Qd6 39.Qb7+ Qe7 40.Qc6 Qe6 41.Qc7+ Kg8 42.Qd8+ Kf7
43.Qd1 Qf5 44.g4 Qe6 45.g5 fxg5 46.hxg5 hxg5 47.Qh5+ g6 48.Qxg5 Qf5 49.Qg3 Ke6
50.Kf1 Bd6 51.Qg2 g5 52.Bd4 b5 53.Qh1 bxa4 54.Qh6+ Kd5 55.bxa4 Qg4 56.Qf6 Qd1+
57.Kg2 Qg4+ 58.Kf1 Qd1+ 59.Kg2 Qg4+  1/2-1/2

[Event "BCF-ch 86th"]
[Site "Scarborough"]
[Date "1999.08.05"]
[Round "5"]
[White "Wells, Peter K"]
[Black "Lalic, Bogdan"]
[Result "1/2-1/2"]
[WhiteElo "2476"]
[BlackElo "2550"]

1.Nf3 d5 2.c4 e6 3.d4 Nf6 4.Nc3 Nbd7 5.cxd5 exd5 6.Bg5 Be7 7.e3 Nb6 8.Ne5 Nfd7
9.Bf4 Nxe5 10.Bxe5 O-O 11.Bd3 Bd6 12.Bxd6 Qxd6 13.Qc2 g6 14.Nb5 Qb4+ 15.Qd2 Qxd2+
16.Kxd2 c6 17.Nd6 a5 18.Rhc1  1/2-1/2

[Event "BCF-ch 86th"]
[Site "Scarborough"]
[Date "1999.08.06"]
[Round "6"]
[White "Webster, Andrew"]
[Black "Ledger, David"]
[Result "1-0"]
[WhiteElo "2427"]
[BlackElo "2240"]

1.Nf3 d5 2.c4 e6 3.b3 Nf6 4.g3 Be7 5.Bg2 O-O 6.O-O c5 7.e3 Nc6 8.Bb2 Qc7
9.Nc3 Rd8 10.cxd5 exd5 11.d4 cxd4 12.Nb5 Qa5 13.Nbxd4 Nxd4 14.Nxd4 Bg4 15.Qd3 Ba3
16.Bxa3 Qxa3 17.h3 Bd7 18.Rfd1 a6 19.Rd2 Rac8 20.Rad1 Re8 21.b4 Rc3 22.Qb1 Ba4
23.Ne2 Rc4 24.Rc1 Rxb4 25.Qa1 Ne4 26.Rxd5 Bc6 27.Re5 Nf6 28.Bxc6 bxc6 29.Rxe8+ Nxe8
30.Qe5 Nf6 31.Rd1 h5  1-0

[Event "BCF-ch 86th"]
[Site "Scarborough"]
[Date "1999.08.07"]
[Round "7"]
[White "McFarland, Robert"]
[Black "Rahman, Taibur"]
[Result "1-0"]
[WhiteElo "2267"]
[BlackElo "2210"]

1.Nf3 d5 2.c4 e6 3.b3 Nf6 4.Bb2 Be7 5.g3 c5 6.Bg2 O-O 7.O-O Nc6 8.cxd5 exd5
9.d4 Re8 10.Nc3 Bg4 11.dxc5 Bxc5 12.Na4 Be7 13.Rc1 Ne4 14.Nd4 Bd7 15.f3 Nf6
16.Nc5 Bxc5 17.Rxc5 Qb6 18.Rc1 Rac8 19.Qd2 Qa6 20.e3 Rcd8 21.Rc5 Ne5 22.Rd1 Rc8
23.Rxc8 Bxc8 24.Rc1 Qd3 25.Rd1 Qa6 26.Qc3 Bd7 27.Bf1 Qb6 28.Rc1 Nc6 29.Kf2 Ne5
30.Kg1 h6 31.Qc5 Qxc5 32.Rxc5 Rc8 33.Rxc8+ Bxc8 34.Kf2 a6 35.Ba3 g5 36.h3 Ne8
37.g4 Ng7 38.f4 gxf4 39.exf4 Nc6 40.Nxc6 bxc6 41.f5 Ne8 42.Be7 Kg7 43.Ke3 Nc7
44.Kd4 Nb5+ 45.Kc5 Bd7 46.a4 Nc3 47.Bxa6 f6 48.a5 Kf7 49.Bd8 Ne4+ 50.Kd4 Nd6
51.Bd3 Bc8 52.Kc5 Ne4+ 53.Kxc6 Nf2 54.Bf1 d4 55.Bb6 d3 56.Bxf2 Ba6 57.Bg2 d2
58.Bf3 Bf1 59.Kb6 Bxh3 60.Be3  1-0

[Event "MK Cafe Cup-A"]
[Site "Koszalin"]
[Date "1999.08.08"]
[Round "6"]
[White "Eingorn, Vereslav S"]
[Black "Gyimesi, Zoltan"]
[Result "1/2-1/2"]
[WhiteElo "2589"]
[BlackElo "2531"]

1.Nf3 d5 2.c4 e6 3.e3 Nf6 4.b3 Be7 5.Bb2 O-O 6.g3 b6 7.Bg2 Bb7 8.O-O c5 9.Nc3 Nbd7
10.Qe2 dxc4 11.bxc4 Ne4 12.Rfb1 Bf6 13.Nxe4 Bxe4 14.d3 Bxb2 15.Qxb2 Bc6 16.a4 Rb8
17.Qc3 Qc7 18.h3 Rfd8 19.Rb3 Bxf3 20.Bxf3 Ne5 21.Be2 Nc6 22.Bf3 Ne5 23.Be2 Nc6
24.Bf3 Nb4 25.d4 a5 26.Rd1 cxd4 27.exd4 Rbc8 28.Be2 Rd6 29.Rbb1 h6 30.Ra1 Rcd8
31.Bf3 Rc8 32.Be2 Rcd8 33.Bf3 Rc8  1/2-1/2

[Event "BCF-ch 86th"]
[Site "Scarborough"]
[Date "1999.08.12"]
[Round "11"]
[White "Rayner, Francis"]
[Black "Waters, Clive L"]
[Result "1/2-1/2"]
[WhiteElo "2218"]
[BlackElo "2158"]

1.Nf3 d5 2.c4 c6 3.d4 Nf6 4.Nbd2 g6 5.g3 Bg7 6.Bg2 O-O 7.O-O Na6 8.b3 Bf5
9.Bb2 Ne4 10.Nh4 Nxd2 11.Qxd2 Be6 12.Rac1 Qd7 13.Rfd1 Bh3 14.Bh1 Rad8 15.Nf3 dxc4
16.bxc4 Nc5 17.Qe3 Qf5 18.Ba3 Nd7 19.Qg5 Bf6  1/2-1/2

[Event "Baunatal op 5th"]
[Site "Baunatal"]
[Date "1999.08.13"]
[Round "2"]
[White "Rehbein, Ullrich"]
[Black "Pottberg, Uwe"]
[Result "0-1"]
[WhiteElo "1695"]
[BlackElo "1813"]

1.Nf3 d5 2.c4 e6 3.d4 c6 4.Nc3 f5 5.g3 Nf6 6.Bg2 Be7 7.O-O O-O 8.Bf4 Ne4
9.h4 Nd7 10.Ne5 Nxe5 11.Bxe5 g5 12.Bxe4 dxe4 13.hxg5 Bxg5 14.e3 Bd7 15.Kg2 Be8
16.Rh1 Bf6 17.Bf4 Qe7 18.Rh6 Bg6 19.Qb3 Rf7 20.Ne2 c5 21.Be5 cxd4 22.exd4 Bxe5
23.dxe5 Qg5 24.Rh4 Bh5 25.Nd4 f4 26.Rah1 f3+ 27.Kg1 Bg4 28.Qe3 Qxe3 29.fxe3 h5
30.Kf2 Rc8 31.b3 a6 32.a4 Rc5 33.Rxg4+ hxg4 34.Rh4 Rxe5 35.Rxg4+ Kf8 36.Rh4 Kg7
37.Rg4+ Kh6 38.Rh4+ Rh5 39.Rxh5+ Kxh5 40.Nxe6 Kg4 41.Nc5 Re7 42.a5 Re5 43.Nxb7 Rh5
44.Nd6 Rh2+ 45.Kf1 Re2 46.Nxe4 Rxe3 47.Nd6 Rxb3 48.c5 Kxg3 49.Ne4+ Kf4 50.Nf6 Rb5
51.Nd5+ Kg3 52.Nc3 Rxa5 53.Ne4+ Kf4 54.Nf2  0-1

[Event "Vlissingen HZ op"]
[Site "Vlissingen"]
[Date "1999.08.13"]
[Round "5"]
[White "Rosmuller, Anton J"]
[Black "Golod, Vitali"]
[Result "0-1"]
[WhiteElo "2204"]
[BlackElo "2568"]

1.Nf3 d5 2.c4 d4 3.g3 Nc6 4.d3 e5 5.Bg2 Bb4+ 6.Nbd2 a5 7.O-O Nf6 8.Rb1 O-O
9.Ne1 Re8 10.Nc2 Bf8 11.Ne4 Nxe4 12.Bxe4 Bh3 13.Re1 Qd7 14.a3 a4 15.b4 axb3
16.Rxb3 Na5 17.Rb1 Bf5 18.Bg2 e4 19.Bd2 exd3 20.exd3 Bxd3 21.Rxe8 Qxe8 22.Bxa5 Bxc2
23.Qxc2 Rxa5 24.Bxb7 c6 25.Qd3 Qd7 26.Qf3 Rc5 27.Qd3 g6 28.a4 h5 29.h4 Be7
30.Kg2 Kg7 31.Qe4 Bf6 32.a5 d3 33.a6 d2 34.Qf3 Rf5 35.Bxc6 Qc7 36.Qe4 Re5
37.Qf3 Re1 38.Be4 Qxc4 39.Bd3 Qa4 40.Qb7 Rxb1  0-1

[Event "Baunatal op 5th"]
[Site "Baunatal"]
[Date "1999.08.14"]
[Round "4"]
[White "Rehbein, Ullrich"]
[Black "Dorsch, Andre"]
[Result "1-0"]
[WhiteElo "1695"]
[BlackElo "960"]

1.Nf3 d5 2.c4 c6 3.d4 Nf6 4.Bf4 dxc4 5.a4 b5 6.axb5 cxb5 7.b3 cxb3 8.Qxb3 a6
9.Nc3 Bd7 10.e4 Nc6 11.Bd3 Bg4 12.d5 Bxf3 13.gxf3 Nd4 14.Qa2 Rc8 15.Ne2 Nxf3+
16.Kf1 e6 17.Qxa6 exd5 18.Bxb5+ Nd7 19.Qb7 Bb4 20.Ra7 O-O 21.Bxd7 dxe4 22.Qxc8 Qb6
23.Ra6 Rxc8 24.Rxb6  1-0

[Event "Budapest FS08 IM"]
[Site "Budapest"]
[Date "1999.08.17"]
[Round "11"]
[White "Williams, Paul"]
[Black "Ruiz Gonzalez, Guillermo"]
[Result "1-0"]
[WhiteElo "2270"]
[BlackElo "2309"]

1.Nf3 d5 2.c4 c6 3.e3 Nf6 4.Nc3 g6 5.b3 Bg7 6.Bb2 O-O 7.Be2 Nbd7 8.d4 Ne4
9.O-O Nxc3 10.Bxc3 Nc5 11.Nd2 Ne4 12.Nxe4 dxe4 13.Qc2 f5 14.d5 c5 15.Bxg7 Kxg7
16.f3 exf3 17.Bxf3 Qd6 18.Rac1 Bd7 19.e4 fxe4 20.Qxe4 Rf7 21.Bg4 Raf8 22.Rxf7+ Rxf7
23.Bxd7 Qxd7 24.Qe5+ Kg8 25.Qb8+ Rf8 26.Qxa7 Qd6 27.Qa5 b6 28.Qd2 e5 29.Qe3 Qf6
30.h3 Re8 31.Qe4 Qf5 32.Qxf5 gxf5 33.a4 Kf7 34.b4 cxb4 35.Rb1 Rc8 36.Rxb4 e4
37.Kf2 Kf6 38.Rxb6+ Ke5 39.d6 Rxc4 40.Rb5+ Ke6 41.a5 Rd4 42.Ke3 Rxd6 43.Kf4 Rd2
44.Re5+ Kd6 45.Rxf5 Rxg2 46.Kxe4 Ra2 47.Kf4 Ke6 48.Rb5 Kf6 49.Ke4 Ra3 50.Kd5 Rxh3
51.Kc6 h5 52.a6 Ra3 53.Kb7 h4 54.a7 Kg6 55.a8=Q Rxa8 56.Kxa8 h3 57.Rb3  1-0

[Event "FRA-ch qual"]
[Site "Bescanon"]
[Date "1999.08.20"]
[Round "3"]
[White "Adrian, Claude"]
[Black "Monroy, Charles"]
[Result "1-0"]
[WhiteElo "2317"]
[BlackElo "2227"]

1.Nf3 d5 2.c4 e6 3.d4 Nf6 4.g3 c6 5.Bg2 Be7 6.O-O O-O 7.Qc2 Nbd7 8.b3 Ne4
9.Nbd2 Ndf6 10.Bb2 Qc7 11.Rfd1 Bd6 12.Ne5 Nxd2 13.Rxd2 Nd7 14.Nxd7 Bxd7 15.e4 dxe4
16.Bxe4 h6 17.Qc3 Rae8 18.Bc2 e5 19.c5 exd4 20.Qd3  1-0

[Event "ESP-ch"]
[Site "Palencia"]
[Date "1999.08.20"]
[Round "2"]
[White "Rojas Sola, Pedro"]
[Black "Candela Perez, Jose"]
[Result "0-1"]
[WhiteElo "2234"]
[BlackElo "2417"]

1.Nf3 d5 2.c4 c6 3.g3 Bf5 4.cxd5 cxd5 5.Bg2 Nc6 6.O-O e6 7.d3 Nf6 8.a3 h6
9.b4 Be7 10.Qb3 O-O 11.Rd1 Qb6 12.Nc3 Ng4 13.Rf1 Rac8 14.Na4 Qc7 15.Bb2 Bf6
16.Bxf6 Nxf6 17.b5 Na5 18.Qb4 b6 19.Nd4 Bg4 20.h3 Bh5 21.Kh2 Rfe8 22.Rac1 Qxc1
23.Rxc1 Rxc1 24.Nc3 Rc8 25.Na2 R1c7 26.g4 Bg6 27.f4 Re8 28.Kg3 Nb7 29.Qb2 Nc5
30.Nb4 Na4 31.Qb3 Nc5 32.Qb2 Bh7 33.Bf3 Kh8 34.h4 Ng8 35.Nbc6 f6 36.Nc2 Bg6
37.g5 Rf8 38.N2b4 Be8  0-1

[Event "ESP-ch"]
[Site "Palencia"]
[Date "1999.08.22"]
[Round "4"]
[White "Rojas Sola, Pedro"]
[Black "Gonzalez Velez, Fermin"]
[Result "0-1"]
[WhiteElo "2234"]
[BlackElo "2344"]

1.Nf3 d5 2.c4 d4 3.b4 c5 4.Bb2 Qc7 5.Na3 Nc6 6.Nb5 Qd8 7.bxc5 e5 8.e3 a6
9.Nd6+ Bxd6 10.cxd6 Qxd6 11.Qa4 Bd7 12.Ba3 Qc7 13.Qc2 Nge7 14.Bd3 dxe3 15.fxe3 f5
16.Be2 e4 17.Nd4 Nxd4 18.exd4 Be6 19.Rc1 Ng6 20.d5 Bd7 21.O-O Nf4 22.Rxf4 Qxf4
23.Qb2 Kf7 24.Qxb7 Rhd8 25.Qb2 Kg8 26.Qd4 Qg5 27.c5 f4 28.Qxe4 Re8 29.Qf3 Bf5
30.d6 Be4 31.Qg4 Qe5 32.Bb4 Qd4+ 33.Kh1 Qxb4 34.Qxf4 Bxg2+  0-1

[Event "BIH-chT"]
[Site "Bihac"]
[Date "1999.08.24"]
[Round "4"]
[White "Kozul, Zdenko"]
[Black "Glavas, Dragan"]
[Result "1-0"]
[WhiteElo "2612"]
[BlackElo "2261"]

1.Nf3 d5 2.c4 c6 3.e3 Nf6 4.Nc3 e6 5.Qc2 Nbd7 6.h3 a6 7.d4 Bd6 8.c5 Bc7 9.Bd3 Qe7
10.O-O h6 11.Re1 O-O 12.e4 dxe4 13.Nxe4 Nxe4 14.Bxe4 Nf6 15.Bd3 Bd7 16.Qe2 Rad8
17.Bd2 Bc8 18.Rac1 Nd5 19.Bb1 f5 20.a3 Qf7 21.Ba2 Kh7 22.Rcd1 Rg8 23.Qd3 Kh8
24.Ne5 Bxe5 25.Rxe5 Ne7 26.Ba5 Rd5 27.Ree1 Ng6 28.Bxd5 exd5 29.Qf3 f4 30.Qh5 Kh7
31.Rd2 Bf5 32.Bc7 Bxh3 33.Qxh3 Qxc7 34.Rde2 Rf8 35.Qd3 Rf6 36.Re7 Qc8 37.f3 Rf5
38.Re8 Qd7 39.Rb8 Rg5 40.Ree8 Rf5 41.Kf1 h5 42.Rxb7 Qxe8 43.Qxf5 Kh6 44.Rb3 Qe7
45.Rd3 Qh4 46.Rd2 Qh1+ 47.Kf2 Qxg2+ 48.Kxg2 Nh4+ 49.Kf2 Nxf5 50.b4 Kg5 51.a4 Kf6
52.b5 cxb5 53.axb5 axb5 54.Rb2 g5 55.c6 Ke6 56.Rxb5 Ne7 57.Rc5 g4 58.Rc1 Kd6
59.c7 Kd7 60.Rh1 Kxc7 61.Rxh5 gxf3 62.Kxf3 Kd6 63.Rh6+ Kd7 64.Ra6 Nc6 65.Ra4 Kc7
66.Kxf4 Kb6 67.Ke3 Ne7 68.Ra1 Nf5+ 69.Kd3 Kc7 70.Rf1 Ne7 71.Rf7 Kd6 72.Rf6+ Kd7
73.Kc3 Nc6 74.Rf4 Kd6 75.Kb3 Nd8 76.Rg4 Ne6 77.Kc3 Kd7 78.Kb4 Kd6 79.Ka5 Kd7
80.Kb6 Kd6 81.Rh4 Kd7 82.Kb7 Kd6 83.Kc8 Nxd4 84.Rxd4 Kc5 85.Rd1 d4 86.Kc7  1-0

[Event "ESP-ch"]
[Site "Palencia"]
[Date "1999.08.24"]
[Round "6"]
[White "Rojas Sola, Pedro"]
[Black "Pablo Marin, Alejandro"]
[Result "0-1"]
[WhiteElo "2234"]
[BlackElo "2385"]

1.Nf3 d5 2.c4 e6 3.g3 Nf6 4.Bg2 Be7 5.O-O O-O 6.b3 c5 7.d3 Nc6 8.Nbd2 Qc7
9.Bb2 Rd8 10.Rc1 d4 11.Ne4 Ne8 12.e3 f5 13.Neg5 h6 14.Nh3 e5 15.exd4 cxd4
16.Re1 Nf6 17.Qe2 Ng4 18.Nd2 Bc5 19.Bd5+ Kh8 20.Kh1 Bd7 21.a3 a5 22.f4 Re8
23.Nf3 e4 24.dxe4 fxe4 25.Nh4 Nf6 26.f5 Ne7 27.b4 axb4 28.axb4 Ba7 29.Be6 Bxe6
30.fxe6 Qc6 31.c5 Rad8 32.Nf4 e3+ 33.Qf3 g5 34.Rxe3 gxf4 35.Ra3 Bb8 36.b5 Qxf3+
37.Nxf3 Nf5 38.c6 bxc6 39.bxc6 Rxe6 40.c7 Bxc7 41.Rxc7 Re2 42.g4 Rxb2 43.gxf5 Rg8
44.h3 Rb1+ 45.Kh2 Rb2+ 46.Kh1 Ne4 47.f6 Nf2+ 48.Kh2 Ne4+ 49.Kh1 Nf2+ 50.Kh2 Ng4+
51.Kh1 Rb1+  0-1

[Event "Pyramiden Franken Cup"]
[Site "Fuerth"]
[Date "1999.08.25"]
[Round "5"]
[White "Schatz, Christian"]
[Black "Gustafsson, Jan"]
[Result "0-1"]
[WhiteElo "2188"]
[BlackElo "2436"]

1.Nf3 d5 2.c4 d4 3.g3 Nc6 4.Bg2 e5 5.d3 Be7 6.O-O a5 7.Na3 Nf6 8.Nb5 O-O
9.a3 Nb8 10.a4 Nc6 11.e3 dxe3 12.Bxe3 Ng4 13.d4 Nxe3 14.fxe3 exd4 15.exd4 Bf6
16.Qd2 Nb4 17.Rad1 c6 18.Nc3 Bf5 19.Ne1 Qd7 20.Ne4 Bxe4 21.Bxe4 Qe6 22.Bb1 Rfd8
23.Nc2 Nxc2 24.Qxc2 g6 25.d5 cxd5 26.cxd5 Qe5 27.Qf2 Rd6 28.Rd2 Re8 29.Ba2 Re7
30.Bc4 Bg5 31.Re2 Be3 32.Rxe3 Qxe3 33.b3 f5 34.Kg2 Qxf2+ 35.Rxf2 Kf7 36.g4 Kf6
37.Kg3 Re3+ 38.Kg2 Ke5 39.h3 f4 40.Kh2 g5 41.Kg2 Rh6  0-1

[Event "Abu Dhabi Masters op"]
[Site "Abu Dhabi"]
[Date "1999.08.27"]
[Round "6"]
[White "Saud, Mohamed"]
[Black "Ahmed, Haseeb"]
[Result "0-1"]
[WhiteElo "2185"]
[BlackElo "2270"]

1.Nf3 d5 2.c4 c6 3.Qc2 Nf6 4.d4 dxc4 5.Qxc4 Bf5 6.Nc3 Nbd7 7.g3 e6 8.Bg2 Be7
9.O-O O-O 10.Nh4 Bc2 11.Nd1 Be4 12.f3 Nb6 13.Qb3 Bd5 14.Qc2 Bc4 15.Be3 Nfd5
16.Bf2 g5 17.Qe4 Nf6 18.Qc2 gxh4 19.gxh4 Nfd5 20.Qe4 Nd7 21.Re1 N7f6 22.Qc2 Ba6
23.e4 Nb4 24.Qd2 Nd3 25.Re3 Nxf2 26.Nxf2 Nh5 27.Nh3 Bxh4 28.f4 c5 29.d5 exd5
30.exd5 Qd6 31.Qd1 Nxf4 32.Re4 Nxg2 33.Kxg2 Bf6 34.Qf3 Rae8 35.Rae1 Rxe4
36.Rxe4 Bg7 37.Nf4 Qf6 38.Nh5 Qxf3+ 39.Kxf3 Bxb2 40.d6 Bb5 41.Re7 Bc6+ 42.Kf4 Rd8
43.d7  0-1

[Event "Pyramiden Franken Cup"]
[Site "Fuerth"]
[Date "1999.08.27"]
[Round "7"]
[White "Bischoff, Klaus"]
[Black "Yakovich, Yuri"]
[Result "1/2-1/2"]
[WhiteElo "2509"]
[BlackElo "2592"]

1.Nf3 d5 2.c4 e6 3.b3 c5 4.e3 Nc6 5.cxd5 exd5 6.Bb5 Bd6 7.Bb2 Nf6 8.O-O O-O
9.Bxc6 bxc6 10.d3 a5 11.Nc3 Bg4 12.h3 Bh5 13.Na4 Nd7 14.Rc1 Qe7 15.d4 Rac8
16.g4 Bg6 17.Ne5 Nxe5 18.dxe5 Bxe5 19.Bxe5 Qxe5  1/2-1/2

[Event "Abu Dhabi Masters op"]
[Site "Abu Dhabi"]
[Date "1999.08.28"]
[Round "7"]
[White "Kaabi, Mejdi"]
[Black "Ahmed, Haseeb"]
[Result "1-0"]
[WhiteElo "2362"]
[BlackElo "2270"]

1.Nf3 d5 2.c4 c6 3.d4 Bf5 4.Nc3 e6 5.g3 Be7 6.Bg2 Nd7 7.O-O Ngf6 8.Nh4 Bg4
9.h3 Bh5 10.Qd3 dxc4 11.Qxc4 e5 12.dxe5 Nxe5 13.Qf4 Ng6 14.Nxg6 Bxg6 15.e4 O-O
16.e5 Nd7 17.b4 Qc7 18.Re1 a5 19.b5 Bb4 20.Re3 Rae8 21.Bb2 Nc5 22.bxc6 Nd3
23.Rxd3 Bxd3 24.Nd5 Qc8 25.cxb7 Qc2 26.Bd4 Bd2 27.Ne3 Qc7 28.Rd1 Bxe3 29.Qxe3 Ba6
30.Rb1 Rb8 31.Bc5 Rfe8 32.Bd6 Qc2 33.Rc1  1-0

[Event "Abu Dhabi Masters op"]
[Site "Abu Dhabi"]
[Date "1999.08.30"]
[Round "9"]
[White "Abbasov, Farid"]
[Black "Lodhi, Mahmood"]
[Result "0-1"]
[WhiteElo "2290"]
[BlackElo "2431"]

1.Nf3 d5 2.c4 c6 3.d4 e6 4.Nc3 dxc4 5.a4 Bb4 6.g3 Nf6 7.Bg2 Nbd7 8.O-O a5
9.Qc2 O-O 10.e4 Re8 11.e5 Nd5 12.Ng5 Nf8 13.Be4 f5 14.exf6 Nxf6 15.Bg2 Qxd4
16.Rd1 Qe5 17.Nce4 h6 18.Bf4 Qf5 19.Nxf6+ Qxf6 20.Ne4 Qe7 21.Qxc4 Rd8 22.Be3 Rd5
23.Nd2 Bd7 24.Bxd5 exd5 25.Qd3 Qf7 26.f4 Bg4 27.Re1 Re8 28.Bb6 Bf5 29.Qd4 Nd7
30.Rxe8+ Qxe8 31.Nf1 Be4 32.Rc1 Qh5 33.Qf2 Nxb6 34.Qxb6 Qf3  0-1

[Event "St Petersburg Cup"]
[Site "St Petersburg"]
[Date "1999.09.04"]
[Round "2"]
[White "Taimanov, Mark E"]
[Black "Sakaev, Konstantin"]
[Result "1/2-1/2"]
[WhiteElo "2407"]
[BlackElo "2648"]

1.Nf3 d5 2.c4 c6 3.e3 Nf6 4.b3 Bg4 5.Bb2 Nbd7 6.h3 Bxf3 7.Qxf3 e6 8.cxd5 cxd5
9.Bb5 Be7 10.O-O O-O 11.Rc1 a6 12.Bf1 Qa5 13.a3 Qb6 14.Qd1 Rac8 15.Nc3 Bd6
16.Na4 Qa7 17.Bd4 Qb8 18.b4 e5 19.Bb2 b5 20.Nc3 Nb6 21.d3 Rfe8 22.Ne2 Na4
23.Qb3 Nxb2 24.Qxb2 Qb6 25.Rc2 Rxc2 26.Qxc2 a5 27.bxa5 Qxa5 28.Qc6 Bxa3 29.d4 exd4
30.Nxd4 b4 31.Nc2 h6 32.Bd3 Rd8 33.Nd4 Qa8 34.Qc7 Qb8 35.Qa5 Qa8 36.Qb6 Qb8
37.Qa6 Qa8 38.Qb5 Rb8 39.Qc5 Rc8 40.Qe7 Re8 41.Qd6 Qb8 42.Qa6 Qa8 43.Qb6 Qb8
44.Qa5 Qa8  1/2-1/2

[Event "ISL-ch"]
[Site "Reykjavik"]
[Date "1999.09.08"]
[Round "8"]
[White "Bjarnason, Saevar"]
[Black "Stefansson, Hannes"]
[Result "1/2-1/2"]
[WhiteElo "2309"]
[BlackElo "2584"]

1.Nf3 d5 2.c4 c6 3.b3 Bg4 4.Bb2 Nd7 5.h3 Bxf3 6.gxf3 Ngf6 7.f4 e6 8.Rg1 g6
9.e3 Bg7 10.d3 O-O 11.Nd2 a5 12.a3 Ne8 13.Qc2 Nd6 14.Bxg7 Kxg7 15.d4 dxc4
16.Nxc4 Nxc4 17.bxc4 c5 18.Qb2 Kg8 19.d5 exd5 20.cxd5 Nf6 21.Rd1 a4 22.Be2 Ne4
23.Bf3 Nd6 24.Kf1 f5 25.h4 Qxh4 26.Qb6 Qf6 27.Qxc5 Rfc8 28.Qb4 Rc3 29.Rb1 b5
30.Kg2 Rac8 31.Be2 R8c5 32.Rgd1 Qh4 33.Bf3 Qe7 34.Rd2 R5c4 35.Qa5 Rc5 36.Qb6 Kg7
37.Rd4 h5 38.Rg1 Rc2 39.Kf1 Kh7 40.Rg5 Qc7 41.Qxc7+ Rxc7 42.e4 R2c4 43.Rxc4 bxc4
44.exf5 Nxf5 45.Be4 c3 46.Bc2 Rd7 47.Bxf5 gxf5 48.Rxh5+ Kg6 49.Rg5+ Kf6 50.Ke2 Rxd5
51.Rg3 Rd2+ 52.Ke1 Rc2 53.Rd3 Ke7 54.f3 Rc1+ 55.Rd1 Rc2 56.Rd3 Ke6 57.Kd1 Ra2
58.Rxc3 Kd5 59.Re3  1/2-1/2

[Event "CRO-chT"]
[Site "Pula"]
[Date "1999.09.09"]
[Round "1"]
[White "Delchev, Aleksander"]
[Black "Maksimenko, Andrei"]
[Result "1-0"]
[WhiteElo "2521"]
[BlackElo "2515"]

1.Nf3 d5 2.c4 e6 3.d4 Nf6 4.g3 Bb4+ 5.Bd2 Be7 6.Bg2 c6 7.Qb3 b6 8.Bf4 Nbd7
9.Nc3 O-O 10.e4 dxe4 11.Ne5 Nxe5 12.dxe5 Nd7 13.Nxe4 Qc7 14.Nf6+ Kh8 15.O-O-O Rd8
16.Qf3 Bb7 17.Qh5 gxf6 18.exf6 Nxf6 19.Bxc7 Nxh5 20.Bxd8 Bxd8 21.Rd7 Bg5+
22.f4 Bc8 23.Rxf7 Kg8 24.Bxc6 Kxf7 25.Bxa8 Be7 26.Rd1 Nf6 27.Bf3 a5 28.g4 Ne8
29.Bc6 Nf6 30.h3 Bc5 31.Rd8 Bd7 32.Bxd7 Ke7 33.Rh8 Be3+ 34.Kc2 Kxd7 35.Rxh7+ Ke8
36.g5 Ng8 37.Rg7 Bxf4 38.g6 Be5 39.Rxg8+  1-0

[Event "CRO-chT"]
[Site "Pula"]
[Date "1999.09.11"]
[Round "3"]
[White "Rukavina, Josip"]
[Black "Mrkonjic, Nenad"]
[Result "1/2-1/2"]
[WhiteElo "2415"]
[BlackElo "2331"]

1.Nf3 d5 2.c4 d4 3.b4 g6 4.g3 Bg7 5.d3 e5 6.Nbd2 Ne7 7.Bg2 Nd7 8.O-O Nf8
9.Rb1 Ne6 10.a4 g5 11.Nb3 Ng6 12.e3 g4 13.Ne1 h5 14.exd4 exd4 15.f4 f5 16.Nc2 h4
17.Re1 hxg3 18.hxg3 Kf7 19.Qe2 c6 20.Qf2 a5 21.bxa5 Qf6 22.Bb2 Rd8 23.Ba3 Bf8
24.Bxf8 Kxf8 25.Nb4 Qe7 26.Nd5 Qd6 27.Nb6 Ra6 28.Nxc8 Rxc8 29.Rxe6 Qxe6 30.Nc5 Qd6
31.Nxa6 bxa6 32.Rb6 Ne7 33.Qe1 Qa3 34.Rb7 Qd6 35.Rb6 Kf7 36.Rxa6 Qc5 37.Rb6 Rc7
38.Rb2 Qa3 39.Qe2 Ra7 40.Qd2 Qc5 41.Bf1 Qxa5 42.Qh2 Qc5 43.Qh7+ Ke8 44.Re2 Kd8
45.Qf7 Rd7 46.Re5 Qb4 47.a5 Kc7 48.Qe6 Qd6 49.Qxd6+ Kxd6 50.c5+ Kc7 51.Bg2 Kb7
52.Re6 Rc7 53.Rd6 Ka6 54.Rxd4 Kxa5 55.Rd6 Kb4 56.d4 Kc3 57.Kf2 Kd3 58.Bf1+ Kc3
59.Bg2 Kd3 60.Rd8 Ra7 61.Bf1+ Kc3 62.Bg2 Kd3 63.Bf1+ Kc3 64.Bg2  1/2-1/2

[Event "POR-ch"]
[Site "Lisbon"]
[Date "1999.09.13"]
[Round "6"]
[White "Andrade, Leonardo"]
[Black "Frois, Antonio"]
[Result "1-0"]
[WhiteElo "2183"]
[BlackElo "2397"]

1.Nf3 d5 2.c4 e6 3.g3 Nf6 4.d4 c6 5.Bg2 Nbd7 6.Qc2 Bd6 7.O-O O-O 8.Bf4 Qc7
9.Bxd6 Qxd6 10.Nbd2 b6 11.Rfd1 Bb7 12.e4 dxe4 13.Ng5 e3 14.fxe3 Qe7 15.Rf1 h6
16.Nge4 Nxe4 17.Qxe4 Rae8 18.Nf3 Ba8 19.Qc2 c5 20.Rad1 Rc8 21.b3 Rcd8 22.Rfe1 Rfe8
23.Kh1 Bxf3 24.Bxf3 e5 25.dxc5 Qxc5 26.Bd5 e4 27.Qc3 Nf6 28.Qd4 Qc8 29.Rf1 Qg4
30.Rf4 Qg5 31.Rdf1 Nxd5 32.cxd5 Rxd5 33.Qa4 Rf8 34.Qxa7 Ra5 35.Qd7 Rxa2 36.Rxf7 Rxf7
37.Qe8+ Kh7 38.Qxf7 Re2 39.Qe6 Rxe3 40.Rf8 Re1+ 41.Kg2 Qd2+ 42.Kh3 Qg5 43.Qe8  1-0